Marine planning: its incorporation into town and country planning (Record no. 87759)

MARC details
000 -LEADER
fixed length control field 00653cam a2200181 4500
001 - CONTROL NUMBER
control field J885
008 - FIXED-LENGTH DATA ELEMENTS--GENERAL INFORMATION
fixed length control field 090401t1971 xxu||||| |||| 00| 0 eng d
035 ## - SYSTEM CONTROL NUMBER
System control number (Sirsi) u20120
041 ## - LANGUAGE CODE
Language code of text/sound track or separate title eng
100 ## - MAIN ENTRY--PERSONAL NAME
Personal name Humphris, Norman W.
245 ## - TITLE STATEMENT
Title Marine planning: its incorporation into town and country planning
260 ## - PUBLICATION, DISTRIBUTION, ETC.
Place of publication, distribution, etc. Lymington, Hants.
Name of publisher, distributor, etc. The author
Date of publication, distribution, etc. 1971
300 ## - PHYSICAL DESCRIPTION
Extent (26)p. : ill. ; 30cm.
350 ## - PRICE (NR) (BK AM CF MU VM SE) [OBSOLETE]
Price 0
520 ## - SUMMARY, ETC.
Summary, etc. Association of Rural District Council Surveyors` scholarship report including a reprint of Marine Planning by Norman W. Humphris from Surveyor Local Government Technology, 19 February 1971.
942 ## - ADDED ENTRY ELEMENTS (KOHA)
Suppress in OPAC 0
948 ## - LOCAL PROCESSING INFORMATION (OCLC); SERIES PART DESIGNATOR (RLIN)
c (OCLC) 04/03/1997
Holdings
Withdrawn status Lost status Source of classification or shelving scheme Damaged status Not for loan Home library Current library Shelving location Date acquired Total Checkouts Full call number Barcode Date last seen Copy number Price effective from Koha item type
    Dewey Decimal Classification     London London Basement 14/08/1992   SHELF 117 30005067 06/08/2019 1 06/08/2019 Book